000 00822nam a2200289Ia 4500
008 180523s9999 xx 000 0 und d
020 _a0-07-142802-x
050 _aMAIN HD 69
050 _b.C6W35 2004
100 _aWalters, Lilly.
245 0 _a1001 ways to make more money as a speaker, consultant, or trainer :
245 0 _bplus 300 rainmaking strategies for dry times /
245 0 _cLilly Walters.
260 _aNew York :
260 _bMcGraw-Hill,
260 _c2003
300 _a205 pages :
300 _billustrations ;
300 _c23 cm.
500 _aIncludes index.
650 _aBusiness consultants -- Fees.
650 _aEmployee training personnel -- Fees.
650 _aMarketing.
650 _xAdvertising.
650 _xIncome.
650 _xMotivational speakers -- Fee.
999 _c356959
_d356959